| 000 | 00492nam a22001817a 4500 | ||
|---|---|---|---|
| 003 | MPLRDC | ||
| 005 | 20220104114225.0 | ||
| 008 | 210129b ||||| |||| 00| 0 eng d | ||
| 020 | _a7-5320-220-9 | ||
| 082 | _a857.49 LXF | ||
| 100 | _a曹雪芹、高鹗原著 | ||
| 245 |
_a红楼梦选粹 _c李希风选评 |
||
| 250 | _a一版二刷 | ||
| 260 |
_a _b上海教育出版社 _c1987 |
||
| 300 | _b平 | ||
| 650 | _a话本小说及章回--红楼梦研究与评论 | ||
| 942 |
_cBK _o857.49 LXF |
||
| 999 |
_c5798 _d5788 |
||